Yüklüyor......

സാവിത്രി രാജീവന്റെ കവിതകള്‍

Detaylı Bibliyografya
Asıl Yazarlar: സാവിത്രി രാജീവ൯, Savithri Rajeevan
Materyal Türü: Printed Book
Baskı/Yayın Bilgisi: Kozhikode; Mathrubhumi Books; 2009
Edisyon:1st
Konular:
LEADER 00941nam a22002057a 4500
020 |a 978-81-8264-679-7 
082 |a 894.M1  |b SAV/S P9 
100 |a സാവിത്രി രാജീവ൯  |9 203999 
100 |a Savithri Rajeevan  |9 204000 
240 |a Savithri Rajeevante kavithakal 
245 |a സാവിത്രി രാജീവന്റെ കവിതകള്‍ 
250 |a 1st 
260 |a Kozhikode;  |b Mathrubhumi Books;  |c 2009 
300 |a 138p. 
650 |a മലയാളം; കവിതകള്‍  |9 204001 
650 |a Malayalam; Poetry  |9 204002 
942 |c BK 
999 |c 40110  |d 40110 
952 |0 0  |1 0  |4 0  |6 894_000000000000000_M1_SAV_S_P9  |7 0  |8 POE  |9 45711  |a MAL  |b MAL  |d 2015-06-30  |e 51526  |g 85.00  |l 0  |o 894.M1 SAV/S P9  |p MAL051526  |r 2015-06-30  |t 1  |w 2015-06-30  |y BK 
952 |0 0  |1 0  |4 0  |6 894_000000000000000_M1_SAV_S_P91  |7 0  |8 POE  |9 45712  |a MAL  |b MAL  |d 2015-06-30  |e 50641  |g 85.00  |l 0  |o 894.M1 SAV/S P9;1  |p MAL050641  |r 2015-06-30  |t 2  |w 2015-06-30  |y BK